000 00577nam a22002057a 4500
003 SGT
020 _a9788131269527
082 _a615.39
_bB24H
100 _aHOWARD, PAULA R.
245 _aBASIC & APPLIED CONCEPTS OF BLOOD BANKING AND TRANSFUSION PRACTICE
250 _a5TH
260 _aINDIA
_bELSEVIER PUB
_c2024
300 _a420
650 _aBLOOD BANKING
653 _aBLOOD BANK QUALITY AND SAFETY ISSUES
653 _aOVERVIEW OF THE MAJOR BLOOD GROUPS
653 _aRH BLOOD GROUP SYSTEM
653 _aBLOOD COLLECTING AND TESTING
942 _2ddc
_cBK
999 _c28618
_d28618